000 00772nam a2200241Ia 4500
003 GCL
008 140319s9999 xx 000 0 ara d
040 _aGCL /
_cGCL
082 0 4 _aط
_b813.087
_bس ر
100 1 _aمحمود القاضى
245 1 0 _aالراعى والعصفور الاخضر /
_cمحمود القاضى
700 1 _aسلوى العنانى
260 _a[S.N] :
_bالهيئة المصرية العامة للكتاب ،
_c1994
300 _a35 ص
490 _aاساطير مصرية قديمة
_v0
650 0 4 _aالقصص العربية
650 0 4 _aالقصص القصيرة
650 0 4 _aالاطفال
650 0 4 _aقصص الاطفال
650 0 4 _aالاساطير
650 0 4 _aالقصص الشعبية
942 _2ddc
_cBK
999 _c33274
_d33274